000 01708nam0a2200361 4500
001 RU\NLR\bibl\550681
005 20260408191539.0
021 _aRU
_b2004-43954
_92181
035 _a(NLR Aleph) 000542864
090 _a1423956
_c1423956
100 _a20040909d2004 u y0rusy50 ca
101 0 _arus
_deng
102 _aRU
105 _aa |||||||||
200 1 _aАнализ добротности информационных потоков в программах на языках модула-2/оберон-2
_dAnalysis of information flow quality in modula-2/oberon-2 programs
_fИ.С. Запреев
_zeng
210 _aНовосибирск
_cПрайс-курьер
_d2004
215 _a47 с.
_cил.
_d21
225 1 _aПрепринт
_dPreprint
_fРос. акад. наук. Сиб. отд-ние, Ин-т систем информатики им. А.П. Ершова
_v111
_zeng
300 _aАвт. также на англ. яз.: I.V. Zapreev
300 _aРез. на англ. яз.
320 _aБиблиогр.: с. 33-34 (11 назв.)
510 0 _6z22790
_aAnalysis of information flow quality in modula-2/oberon-2 programs
_zeng
606 0 _aОБЕРОН-2, язык программирования
_91182144
_3RU\NLR\auth\66475856
606 0 _aMODULA-2, язык программирования
_91686005
_3RU\NLR\auth\66749043
606 _aПрограммы (компьют.)
_xДобротность
_3RU\NLR\auth\661274934
_92109334
686 _aЗ973.2-018
700 1 _aЗапреев
_bИ. С.
_4070
790 1 _6z22510
_aZapreev
_bI. V.
_4070
801 0 _aRU
_bNLR
_c20040909
_gPSBO
801 1 _aRU
_bNLR
_c20040909
942 _cBOOK
980 _aNB